| 000 | 00436nam a2200157Ia 4500 | ||
|---|---|---|---|
| 008 | 210716s2009 xx 000 0 und d | ||
| 020 | _a9788125931263 | ||
| 041 | _aeng | ||
| 082 | _a658.162 GODP | ||
| 100 | _aGodbole, Prasad G. | ||
| 245 | _aMergers acquisitions and corporate restructuring. | ||
| 250 | _a1 | ||
| 260 |
_aNew Delhi _bVikas publishing house pvt ltd. _c2009 |
||
| 300 | _axvIi,468 | ||
| 650 | _aMergers & Acqusitions | ||
| 999 |
_c204087 _d204087 |
||